|
|
|
|
| LEADER |
00000nab a2200000ua 4500 |
| 001 |
vtls010796205 |
| 003 |
SK-MaSNL |
| 005 |
20260303215207.0 |
| 008 |
230218s2000 xo |||||||||||||||||eng| |
| 035 |
|
|
|a (urnnbn)urn:nbn:sk:snk:ar-a05tct
|
| 035 |
|
|
|a (uuid)d5f5d912-15ea-4352-af60-c32ab75bf514
|
| 035 |
|
|
|a urn:nbn:sk:snk-ab4v95
|
| 040 |
|
|
|a SNKBUCL
|b slo
|c SNKBUCL
|e AACR2
|
| 041 |
0 |
|
|a eng
|
| 044 |
|
|
|a xo
|c SK
|
| 100 |
1 |
|
|a Crompton, D. W. T.
|4 aut
|9 1251162
|
| 245 |
1 |
0 |
|a Platyhelminth infections in powan, Coregonus lavaretus (L.), from Loch Eck and Loch Lomond, Scotland
|c D. W. T. Crompton, M. C. Dolezel
|
| 700 |
1 |
|
|a Dolezel, M. C.
|4 aut
|9 1251165
|
| 773 |
0 |
|
|t Helminthologia
|g Roč. 37, č. 3 (2000), s. 147-152
|
| 958 |
|
|
|a OND
|
| 958 |
|
|
|a EUIPO
|
| 958 |
|
|
|a article3
|
| 999 |
|
|
|c 2220413
|d 2222343
|